000 00278nam a2200109Ia 4500
005 20251222143235.0
008 251222s9999||||xx |||||||||||||| ||spa||
082 _a370.19/M61
245 0 _aInforme de la Evaluación de Impacto
264 _bMinisterio de Educación
942 _cLIB
999 _c14342
_d14342